000 00305nam a22001217a 4500
008 180807b xxu||||| |||| 00| 0 eng d
082 _a813.52
245 _aPrinciples and Applications of Eletrical Engineering
_cRizzoni,G
260 _c2003
300 _a1
_fCD
440 _x0072463511
942 _2ddc
_cMX
999 _c46887
_d46887